| 000 | 01016nam a2200229 i 4500 | ||
|---|---|---|---|
| 001 | 69003 | ||
| 003 | ES-MaACL | ||
| 005 | 20251002204010.0 | ||
| 007 | t| | ||
| 008 | 040826s1967 sp |||| |dspa d | ||
| 100 | 0 |
_aAl-Razi, Isa ibn Ahmad. _919055 |
|
| 245 | 1 | 0 |
_aAnales palatinos del Califa de Córdoba al-Hakam II por 'Isa ibn Ahmad al-Razi (360-364 H.= 971-975 J. C.) _b: el Califato de Córdoba en el "Muqtabis" de Ibn Hayyan / _ctraducción de un ms. árabe de la Real Academia de la Historia por Emilio García Gómez. |
| 260 |
_aMadrid : _bSociedad de Estudios y Publicaciones, _c1967. |
||
| 300 |
_a293 p. ; _c25 cm. |
||
| 594 | _aTítulo paralelo en árabe. | ||
| 600 | 1 | 4 |
_aAl-Hakem _bII _cCalifa de Córdoba. _9166613 |
| 651 | 4 |
_aAl-Andalus- _xHistoria- _y929-1031, Califato de Córdoba. _97611 |
|
| 700 | 1 |
_aGarcía Gómez, Emilio, _d1905-1995 _954690 |
|
| 700 | 1 |
_aIbn Hayyan al-Qurtubi, Hayyan ibn Halaf, _d987 ó 8-1076 _9166614 |
|
| 852 |
_aES-MaACL _jG-5439 |
||
| 999 |
_c69003 _d69003 |
||